Estudios de Historia Cultural : (Record no. 30498)

MARC details
000 -LEADER
fixed length control field 00892nam a22002177a 4500
008 - FIXED-LENGTH DATA ELEMENTS--GENERAL INFORMATION
fixed length control field 120424t ||||| |||| 00| 0 eng d
020 ## - INTERNATIONAL STANDARD BOOK NUMBER
International Standard Book Number 9702706033
050 04 - LIBRARY OF CONGRESS CALL NUMBER
Classification number CB103
Item number E88 2003
245 00 - TITLE STATEMENT
Title Estudios de Historia Cultural :
Remainder of title Espacios, textos e intercambios simbólicos en las expresiones culturales /
Statement of responsibility, etc Marco Aurelio Larios Lopez, Adriana Ruiz Razura, Mariana Terán Funetes, compiladores.
250 ## - EDITION STATEMENT
Edition statement 1a ed.
260 ## - PUBLICATION, DISTRIBUTION, ETC. (IMPRINT)
Place of publication, distribution, etc Guadalajara Jal. México :
Name of publisher, distributor, etc Centro Universitario de Arte, Arquitectura y diseño, Universidad de Guadalajara,
Date of publication, distribution, etc 2003
300 ## - PHYSICAL DESCRIPTION
Extent 291 p. :
Other physical details il. ;
Dimensions 21 cm.
440 #0 - SERIES STATEMENT/ADDED ENTRY--TITLE
Title Laberintos
504 ## - BIBLIOGRAPHY, ETC. NOTE
Bibliography, etc Incluye : Bibliografias e índice
650 #4 - SUBJECT ADDED ENTRY--TOPICAL TERM
Topical term or geographic name as entry element Historia Cultural
650 #4 - SUBJECT ADDED ENTRY--TOPICAL TERM
Topical term or geographic name as entry element Cultura
General subdivision Historia
700 1# - ADDED ENTRY--PERSONAL NAME
Personal name Larios Lopez, Marco Aurelio,
Fuller form of name comp.
700 ## - ADDED ENTRY--PERSONAL NAME
Personal name Ruiz Razura, Adriana,
Fuller form of name comp.
700 ## - ADDED ENTRY--PERSONAL NAME
Personal name Teran Fuentes, Mariana,
Fuller form of name comp.
942 ## - ADDED ENTRY ELEMENTS (KOHA)
Source of classification or shelving scheme Biblioteca del Cogreso de los Estados Unidos
Koha item type Libro
Holdings
Estado de pérdida Fuente de clasificación Estado del daño No para préstamo Ubicación permanente Ubicación actual Apartado o colección Fecha de adquisición Edición Área del conocimiento Clasificación Código de Barras Date last seen Número de copia Costo por reposición Tipo de recurso Nota pública
  Biblioteca del Cogreso de los Estados Unidos     Biblioteca de la Facultad de Letras Biblioteca de la Facultad de Letras General 24/04/2012 1a ed. Ciencias Sociales y Administrativas CB103 E88 2003 LLH000001421 16/01/2015 C:1 1.00 Libro General